00692nam a2200217Ia 450000500170000000800410001702000110005804000190006904100120008808200130010024500780011326000460019130000130023765000200025065100330027070000200030385000110032394200070033499900170034195201160035820231121094455.0131103s9999 xx 000 0 und d cRs 280 aLoreto College aEnglish a323bVER aRights of Persons with DisabilitiescEdited by S.K. Verma S.C. Srivastava aNew DelhibThe Indian Law Institutec2002 axv,341p  aDisabled People aPhysically Challenged People aVerma, S.K., ed aLCLIB  cBK c15145d65624 00102ddc4070aMAINbMAINd2013-11-04l1o323 VER 45143pB15192r2016-02-08s2016-02-08w2013-11-04yBKf